Statistics for Most "Famous" Countries from TheTopTens

Click here to take the quiz!

General Stats

  • This quiz has been taken 56 times
    (55 since last reset)
  • The average score is 17 of 20

Answer Stats

ContinentAnswer% Correct
AsiaChina
100%
EuropeFrance
100%
AsiaIndia
98%
AsiaJapan
98%
North AmericaUnited States
98%
AfricaEgypt
96%
EuropeItaly
96%
Asia/EuropeRussia
96%
EuropeSpain
96%
EuropeUnited Kingdom
96%
OceaniaAustralia
93%
North AmericaCanada
93%
EuropeGermany
87%
AfricaSouth Africa
85%
South AmericaBrazil
83%
AsiaSouth Korea
76%
EuropeGreece
65%
EuropeIreland
63%
AsiaSingapore
30%
EuropeEngland
11%

Score Distribution

Percentile by Number Answered

Percent of People with Each Score

Your Score History

You have not taken this quiz since the last reset